Continents of the world - Statistics

General Stats
  • This quiz has been taken 56 times
  • The average score is 7 of 7
Answer Stats
Hint Answer % Correct
Most countries Africa
100%
Largest area of land Asia
100%
It has a city called “London” Europe
100%
It has USA North America
100%
It has the biggest rainforest South America
100%
The coldest continent Antarctica
98%
It has many many islands Oceania
86%
No matching quizzes found
Score Distribution
Percent of People with Each Score
Percentile by Number Answered
Your Score History
You have not taken this quiz